000 00295nam a2200121Ia 4500
999 _c6772
_d6772
008 191201s2013 xx 000 0 und d
100 _aAUSTENS, Jane
245 0 _aPride and Prejudice
260 _bKALYANI MEDIA PVT. LTD.
_c2013
300 _a107
650 _aGeneral Books
942 _2ddc
_cBK